Progresívny prístup k analýze montážnych procesov

Cieľ metodiky analýzy a zlepšovania montážnych procesov. Montážny proces ako súčasť výrobného procesu. Základné objekty preverovania a proces zlepšovania montážnych procesov. Systém organizácie a riadenia montážneho procesu.

Saved in:
Bibliographic Details
Main Author: Kupka, Marián
Other Authors: Hulín, Milan
Format: Book Chapter
Language:Slovak
Subjects:
Tags: Add Tag
No Tags, Be the first to tag this record!

MARC

LEADER 00000naa$a2200000$$$4500
001 0036289
005 20231018133132.0
041 0 |a slo 
044 |a SK 
245 1 0 |a Progresívny prístup k analýze montážnych procesov  |c Marián Kupka, Milan Hulín 
520 |a Cieľ metodiky analýzy a zlepšovania montážnych procesov. Montážny proces ako súčasť výrobného procesu. Základné objekty preverovania a proces zlepšovania montážnych procesov. Systém organizácie a riadenia montážneho procesu. 
610 2 0 |a montáže 
610 2 0 |a pracovisko 
610 2 0 |a výroba 
610 2 0 |a optimalizácia 
610 2 0 |a analýzy 
610 2 0 |a organizácia riadenia 
100 1 |a Kupka, Marián 
700 1 |a Hulín, Milan